ANATOMY, PHYSIOLOGY AND HEALTH EDUCATION (Record no. 6086)

MARC details
000 -LEADER
fixed length control field 00395nam a22001577a 4500
005 - DATE AND TIME OF LATEST TRANSACTION
control field 20210825140638.0
008 - FIXED-LENGTH DATA ELEMENTS--GENERAL INFORMATION
fixed length control field 200314b xxu||||| |||| 00| 0 eng d
020 ## - INTERNATIONAL STANDARD BOOK NUMBER
ISBN 978-81-7473-441-9
041 ## - LANGUAGE CODE
Language code of text/sound track or separate title eng
100 ## - MAIN ENTRY--AUTHOR NAME
Personal name KUMAR, N
245 ## - TITLE STATEMENT
Title ANATOMY, PHYSIOLOGY AND HEALTH EDUCATION
260 ## - PUBLICATION, DISTRIBUTION, ETC. (IMPRINT)
Place of publication DELHI
Name of publisher AITBS PUBLISHERS INDIA
300 ## - PHYSICAL DESCRIPTION
Number of Pages 516p,
650 ## - SUBJECT ADDED ENTRY--TOPICAL TERM
Topical Term PHARMACY
942 ## - ADDED ENTRY ELEMENTS (KOHA)
Koha item type Books
Holdings
Lost status Damaged status Collection code Home library Current library Shelving location Date acquired Source of acquisition Cost, normal purchase price Accession Number Koha item type
    PHARMACY JRU Library JRU Library Shelf - 23- G 14/03/2020 PURCHESS 275.00 24180 Books